Fundamentos de la psicología del deporte : (Registro nro. 43728)

Detalles MARC
000 -LEADER
campo de control de longitud fija 02401cam a22004454i 4500
001 - NÚMERO DE CONTROL
campo de control u35731
003 - IDENTIFICADOR DE NÚMERO DE CONTROL
campo de control PE-LiUPU
005 - FECHA Y HORA DE LA ÚLTIMA TRANSACCIÓN
campo de control 20250731183419.0
008 - DATOS DE LONGITUD FIJA--INFORMACIÓN GENERAL
campo de control de longitud fija 150625s2000 pe rb 000 0 spa d
020 ## - NÚMERO INTERNACIONAL ESTÁNDAR DEL LIBRO
Número Internacional Estándar del Libro 9972540650
035 ## - NÚMERO DE CONTROL DEL SISTEMA
Número de control de sistema (Sirsi) i9789972540653
040 ## - FUENTE DE CATALOGACIÓN
Centro catalogador/agencia de origen PE-LiUPU
Lengua de catalogación spa
Centro/agencia transcriptor PE-LiUPU
Normas de descripción rda
049 ## - FONDOS LOCALES (OCLC)
Biblioteca depositaria PRUA
082 04 - NÚMERO DE LA CLASIFICACIÓN DECIMAL DEWEY
Número de clasificación 796.01
Cutter G25
Número de edición 21
100 1# - ENTRADA PRINCIPAL--NOMBRE DE PERSONA
Nombre de persona García Ucha, Francisco,
Término indicativo de función/relación autor.
245 10 - MENCIÓN DEL TÍTULO
Título Fundamentos de la psicología del deporte :
Resto del título aspectos histíricos, teóricos, metodológicos y aplicativos /
Mención de responsabilidad, etc. Francisco García Ucha.
264 #1 - PRODUCCIÓN, PUBLICACIÓN, DISTRIBUCIÓN, FABRICACIÓN Y COPYRIGHT
Producción, publicación, distribución, fabricación y copyright Lima, Perú :
Nombre del de productor, editor, distribuidor, fabricante Universidad de San Martín de Porres,
Fecha de producción, publicación, distribución, fabricación o copyright 2000.
300 ## - DESCRIPCIÓN FÍSICA
Extensión 274 páginas ;
Dimensiones 20 centímetros
336 ## - TIPO DE CONTENIDO
Término de tipo de contenido text
Fuente rdacontent
337 ## - TIPO DE MEDIO
Nombre/término del tipo de medio unmediated
Fuente rdamedia
338 ## - TIPO DE SOPORTE
Nombre/término del tipo de soporte volume
Fuente rdacarrier
504 ## - NOTA DE BIBLIOGRAFÍA, ETC.
Nota de bibliografía, etc. Bibliografía al final de cada capítulo.
505 0# - NOTA DE CONTENIDO CON FORMATO
Nota de contenido con formato Antecedentes históricos, estado actual y perspectivas de la psicología del deporte -- Exigencias de la actividad deportiva -- Control psicológico del entrenamiento deportivo -- Entrenamiento psicológico del de deportista -- Establecimiento de metas: un procedimiento para incrementar los rendimientos deportivos -- Psicología social en el deporte -- Psicología e iniciación deportiva -- Consideraciones psicológicas sobre la especialización deportiva en edades tempranas.
526 ## - NOTA DE INFORMACIÓN SOBRE EL PROGRAMA DE ESTUDIO
Nombre del programa Maestría Bim Facility Management (A distancia)
526 ## - NOTA DE INFORMACIÓN SOBRE EL PROGRAMA DE ESTUDIO
Nombre del programa
526 ## - NOTA DE INFORMACIÓN SOBRE EL PROGRAMA DE ESTUDIO
Nombre del programa Educación musical y artes
526 ## - NOTA DE INFORMACIÓN SOBRE EL PROGRAMA DE ESTUDIO
Nombre del programa Educación, especialidad educación física
526 ## - NOTA DE INFORMACIÓN SOBRE EL PROGRAMA DE ESTUDIO
Nombre del programa Arquitectura
541 ## - NOTA DE FUENTE DE ADQUISICIÓN DIRECTA
-- 0017720;
596 ## -
-- 1 2
650 04 - PUNTO DE ACCESO ADICIONAL DE MATERIA--TÉRMINO DE MATERIA
Término de materia o nombre geográfico como elemento de entrada Deportes
Subdivisión general Aspectos psicológicos.
910 ## - DATOS DE OPCIÓN DEL USUARIO (OCLC)
-- igq
942 ## - ELEMENTOS DE ENTRADA SECUNDARIOS (KOHA)
Fuente del sistema de clasificación o colocación Clasificación Decimal Dewey
Tipo de ítem Koha
994 ## -
-- C0
-- PEPRU
949 ## - PROCESAMIENTO DE INFORMACIÓN LOCAL (OCLC)
a 796.01 G25 2000
w DEWEY
c 1
i FT01592
l CCODEBUT1
m BUT
p 25.00
r 0
s Y
t BOOK
u 2016-2-9
x SALUD
-- P33
0 COMPRA
o .STAFF. Colección General
949 ## - PROCESAMIENTO DE INFORMACIÓN LOCAL (OCLC)
a 796.01 G25
w DEWEY
c 1
i 55109
d 2018-5-23
e 2018-5-18
f 2018-2-7
g 2
l CCODEBUL1
m BUL
n 3
p 25.00
r 0
s Y
t BOOK
u 2015-6-25
x TEOLOGIA
-- P35
0 COMPRA
o .STAFF. Colección Teología
999 ## - NÚMEROS DE CONTROL DE SISTEMA (KOHA)
-- DEWEY
-- 55109
-- 2018-11-15
-- 2021-11-9
-- 5
-- CCODEBUL1
-- BUL
-- 5
-- 25.00
-- 0
-- Y
-- BOOK
-- 2015-6-25
-- EDUCACION
-- P35
-- COMPRA
-- .STAFF. Colección Teología
999 ## - NÚMEROS DE CONTROL DE SISTEMA (KOHA)
-- DEWEY
-- FT01592
-- 2019-11-22
-- 2019-2-20
-- 1
-- CCODEBUT1
-- BUT
-- 3
-- 25.00
-- 0
-- Y
-- BOOK
-- 2016-2-9
-- SALUD
-- P33
-- COMPRA
-- .STAFF. Colección General
980 ## - EQUIVALENCIA O REFERENCIA-CRUZADA-MENCIÓN DE SERIE--NOMBRE DE PERSONA/TÍTULO [LOCAL, CANADÁ]
ID del último usuario que modificó el registro 1
Nombre del último usuario que modificó el registro ALBERTO SANCHEZ Responsable de Automatización
Existencias
Visto por última vez Número de inventario Total de préstamos Signatura topográfica completa Código de barras Fecha del último préstamo Copia número Coste, precio de reemplazo Fecha de reemplazo Facultad Tipo de ítem Koha Nota pública Estado de pérdida Fuente del sistema de clasificación o colocación Restricciones de uso No para préstamo Colección Programa académico Biblioteca de origen Biblioteca actual Ubicación en estantería Fecha de adquisición Fuente de adquisición Coste, precio normal de compra
2025-12-03 6 5 796.01 G25 55109 2018-11-15 e1 30.00 2015-06-25   Libros físicos inventario-2023-12-13 No Perdido Clasificación Decimal Dewey No restringido Disponible para préstamos Colección General Teología Biblioteca CRAI UPeU Lima Biblioteca CRAI UPeU Lima Sala principal 2015-06-25 COMPRA 25.00